000 00565nam a22002417a 4500
003 UA-OsUOA
001 26237
007 ta
008 20040524b un ||||| |||| 00| 0 ukr d
100 _aАкимушкин И.И.
090 _a591.5
_bА39
942 _cBK
040 _aUA-OsUOA
_brus
_cUA-OsUOA
_dUA-OsUOA
245 _aПроблемы этологии
300 _a191 с.
955 _a0
041 _arus
080 _a591.5
260 _aМосква
_bМолодая гвардия
_c1985
044 _aRU
650 7 _2UDC
999 _c312553
_d312553